Electronic Devices & Circuits - II (Record no. 8113)

MARC details
000 -LEADER
fixed length control field 00398nam a2200157Ia 4500
008 - FIXED-LENGTH DATA ELEMENTS--GENERAL INFORMATION
fixed length control field 221030s9999 xx 000 0 und d
041 ## - LANGUAGE CODE
Language code of text/sound track or separate title
082 ## - DEWEY DECIMAL CLASSIFICATION NUMBER
Classification number 105.23
Item number God
100 ## - MAIN ENTRY--AUTHOR NAME
Personal name A. P. Godse
245 #0 - TITLE STATEMENT
Title Electronic Devices & Circuits - II
Statement of responsibility, etc by A. P. Godse, U. A. Bakshi
260 ## - PUBLICATION, DISTRIBUTION, ETC. (IMPRINT)
Name of publisher Technical Pub.
Place of publication Pune
Year of publication 2002
300 ## - PHYSICAL DESCRIPTION
Number of Pages 748
650 ## - SUBJECT ADDED ENTRY--TOPICAL TERM
Topical Term ECE
700 ## - ADDED ENTRY--PERSONAL NAME
Personal name U. A. Bakshi
942 ## - ADDED ENTRY ELEMENTS (KOHA)
Koha item type Books
Holdings
Accession Number Cost, normal purchase price Full call number Price effective from Koha item type Withdrawn / writtenoff status Materials specified (bound volume or other part) Damaged status Not for loan Permanent Location Current Location Shelving location Date acquired Lost/ Missing status department
BE 6204 225.00 105.23 God 10/30/2022 Books   Print   Not For Loan MIET Library, Jammu MIET Library, Jammu BL-Second, FL-1, CUP-175, SH-1, R-1 12/19/2002   BE
BE 6205 225.00 105.23 God 10/30/2022 Books   Print     MIET Library, Jammu MIET Library, Jammu BL-Academic Block C, FL-2, CUP-175, SH-1, R-1 12/19/2002   BE
BE 6206 225.00 105.23 God 10/30/2022 Books   Print     MIET Library, Jammu MIET Library, Jammu BL-First, FL-1, CUP-175, SH-1, R-1 12/19/2002   BE
BE 6207 225.00 105.23 God 10/30/2022 Books   Print     MIET Library, Jammu MIET Library, Jammu BL-First, FL-1, CUP-175, SH-1, R-1 12/19/2002   BE
BE 6208 255.00 105.23 God 10/30/2022 Books   Print   Not For Loan MIET Library, Jammu MIET Library, Jammu BL-Second, FL-1, CUP-175, SH-1, R-1 12/19/2002   BE